|
|
|
|
| LEADER |
01114nam a2200313Ia 4500 |
| 001 |
EBC232146 |
| 003 |
MiAaPQ |
| 005 |
20200520144314.0 |
| 006 |
m o d | |
| 007 |
cr cn||||||||| |
| 008 |
000815s2002 enk s 000 0 eng d |
| 020 |
|
|
|z 0861766644
|
| 035 |
|
|
|a (MiAaPQ)EBC232146
|
| 035 |
|
|
|a (Au-PeEL)EBL232146
|
| 035 |
|
|
|a (CaPaEBR)ebr10052693
|
| 035 |
|
|
|a (CaONFJC)MIL47951
|
| 035 |
|
|
|a (OCoLC)133163644
|
| 040 |
|
|
|a MiAaPQ
|c MiAaPQ
|d MiAaPQ
|
| 050 |
|
4 |
|a TS156
|b .T44 2002
|
| 245 |
0 |
0 |
|a Themed issue on "A quality perspective"
|h [electronic resource].
|
| 260 |
|
|
|a Bradford, England :
|b Emerald Group Publishing,
|c c2002.
|
| 300 |
|
|
|a 107 p.
|
| 490 |
0 |
|
|a Managerial auditing journal ;
|v v.17. no. 1/2
|
| 533 |
|
|
|a Electronic reproduction. Ann Arbor, MI : ProQuest, 2015. Available via World Wide Web. Access may be limited to ProQuest affiliated libraries.
|
| 650 |
|
0 |
|a Auditing, Internal.
|
| 650 |
|
0 |
|a Quality control.
|
| 655 |
|
4 |
|a Electronic books.
|
| 710 |
2 |
|
|a ProQuest (Firm)
|
| 856 |
4 |
0 |
|u https://ebookcentral.proquest.com/lib/matrademy/detail.action?docID=232146
|z Click to View
|